Constitution of the Colombo Plan for Co-operative Economic and Social Development in Asia and the Pacific
Збережено в:
| Співавтор: | |
|---|---|
| Формат: | Текст |
| Опубліковано: |
Colombo:
Colombo Plan Bureau
|
| Теги: |
Додати тег
Немає тегів, Будьте першим, хто поставить тег для цього запису!
|
MARC
| LEADER | 00000 a a2200000 04500 | ||
|---|---|---|---|
| 001 | 22548 | ||
| 003 | |||
| 040 | |||
| 090 | |a 154100 | ||
| 110 | |a Planning Prosperity | ||
| 245 | |a Constitution of the Colombo Plan for Co-operative Economic and Social Development in Asia and the Pacific | ||
| 260 | |a Colombo: |b Colombo Plan Bureau | ||
| 300 | |a 11 p. | ||
| 999 | |c 5119 |d 5119 | ||
